Textbook of vegetable crops/ (Record no. 193957)

MARC details
000 -LEADER
fixed length control field 00631nam a22001937a 4500
005 - DATE AND TIME OF LATEST TRANSACTION
control field 20221129102806.0
010 ## - LCCN (DPL NO)
LC control number ENG-135745
020 ## - INTERNATIONAL STANDARD BOOK NUMBER
International Standard Book Number 9788171641581
Terms of availability 800.00
035 ## - SYSTEM CONTROL NUMBER
System control number EN-119277
037 ## - SOURCE OF ACQUISITION
Source of stock number/acquisition DBAD/PUB
082 ## - DEWEY DECIMAL CLASSIFICATION NUMBER
Classification number 635.0423
100 ## - MAIN ENTRY--PERSONAL NAME
Personal name Nath, Prem
245 ## - TITLE STATEMENT
Title Textbook of vegetable crops/
Statement of responsibility, etc by Prem Nath [and] K.R.M. Swamy
260 ## - PUBLICATION, DISTRIBUTION, ETC. (IMPRINT)
Place of publication, distribution, etc Pusa
Name of publisher, distributor, etc Indian Council of agricultural research
Date of publication, distribution, etc 2016
270 ## - ADDRESS
Address Krishi anusandhan bhawan, Pusa
City New Delhi
Postal code 110012
300 ## - PHYSICAL DESCRIPTION
Extent 476 p..
Dimensions 24cm(pbk)
Other physical details Index, Acronym & Bibiliography
700 ## - ADDED ENTRY--PERSONAL NAME
Personal name Swamy, K.R.M.
Relator term Author
942 ## - ADDED ENTRY ELEMENTS (KOHA)
Source of classification or shelving scheme Dewey Decimal Classification
Item type English Books
Call number suffix NAT
Classification part 635.0423
Holdings
Withdrawn status Lost status Not for loan Collection code Home library Current library Date acquired Source of acquisition Cost, normal purchase price Full call number Barcode Copy number Cost, replacement price Koha item type
      Non-fiction Shahdara Branch Shahdara Branch 29/11/2022 DBAD/PUB 800.00 635.0423 NAT EN-119277 1 800.00 English Books

© Delhi Public Library
Hit Counter
free hit counter